Neuro-Fuzzy and Soft Computing (Record no. 609086)
[ view plain ]
| 000 -LEADER | |
|---|---|
| fixed length control field | 00466nam a22001457a 4500 |
| 020 ## - INTERNATIONAL STANDARD BOOK NUMBER | |
| International Standard Book Number | 9788129703248 |
| 040 ## - CATALOGING SOURCE | |
| Transcribing agency | nust |
| 082 ## - DEWEY DECIMAL CLASSIFICATION NUMBER | |
| Classification number | 006.3 |
| Author Mark | JAN |
| 100 ## - MAIN ENTRY--PERSONAL NAME | |
| Personal name | Jang. R. S- J |
| 9 (RLIN) | 122625 |
| 110 ## - MAIN ENTRY--CORPORATE NAME | |
| Corporate name or jurisdiction name as entry element | Sun.T-.C, Mizutani. E |
| 9 (RLIN) | 122626 |
| 245 ## - TITLE STATEMENT | |
| Title | Neuro-Fuzzy and Soft Computing |
| Remainder of title | A Computational Approach to Learning and machine Intelligence |
| 260 ## - PUBLICATION, DISTRIBUTION, ETC. | |
| Place of publication, distribution, etc. | New Delhi: |
| Name of publisher, distributor, etc. | Pearson Education Inc, |
| Date of publication, distribution, etc. | 2004. |
| 650 ## - SUBJECT ADDED ENTRY--TOPICAL TERM | |
| Topical term or geographic name entry element | Neuro-Fuzzy and Soft Computing |
| 9 (RLIN) | 122627 |
| 942 ## - ADDED ENTRY ELEMENTS (KOHA) | |
| Source of classification or shelving scheme | |
| Koha item type | Book |
| Withdrawn status | Lost status | Source of classification or shelving scheme | Damaged status | Not for loan | Permanent Location | Current Location | Shelving location | Date acquired | Total Checkouts | Full call number | Barcode | Date last seen | Price effective from | Koha item type |
|---|---|---|---|---|---|---|---|---|---|---|---|---|---|---|
| College of Electrical & Mechanical Engineering (CEME) | College of Electrical & Mechanical Engineering (CEME) | General Stacks | 05/14/2024 | 006.3 JAN | CEME-40269 | 05/14/2024 | 05/14/2024 | Book |
